Normal view
MARC view
- Vazirani, V. N .
Entry Personal Name
001 - CONTROL NUMBER
- control field: 1702
003 - CONTROL NUMBER IDENTIFIER
- control field: OSt
005 - DATE AND TIME OF LATEST TRANSACTION
- control field: 20161006145646.0
008 - FIXED-LENGTH DATA ELEMENTS
- fixed length control field: 161006|| aca||aabn | a|a d
040 ## - CATALOGING SOURCE
- Original cataloging agency: OSt
- Transcribing agency: OSt
100 ## - HEADING--PERSONAL NAME
- Personal name: Vazirani, V. N .
670 ## - SOURCE DATA FOUND
- Source citation: Work cat.: (OSt)9595: Vazirani, V. N ., Steel Structures / , 1967.
